Harry Potter Fragen - mittel bis schwierig (Filme & Bücher) - Statistiken

Allgemein
  • Dieses Quiz wurde 71 mal gespielt
    62 seit der letzten Aktualisierung
  • Das Durchschnittsergebnis liegt bei 9 aus 23
Antwortstatistiken
Frage Antwort % Korrekt
Wer sind die ZaubereiministerInnen seit Anbeginn von Harry's Zeit in Hogwarts Cornelius Fudge (1990-1996)
77%
In welches Tier kann sich Rita Kimmkorn verwandeln? Käfer
67%
Wer verwandelte Remus Lupin in einen Werwolf Fenrir Greyback
63%
Wie lautet die Lösung des Rätsels, das die Sphinx Harry im Labyrinth des trimagischen Turniers stellt? Spinne
60%
Wer sind die ZaubereiministerInnen seit Anbeginn von Harry's Zeit in Hogwarts Rufus Scrimgeour (1996-1997)
52%
Wer sind die ZaubereiministerInnen seit Anbeginn von Harry's Zeit in Hogwarts Kingsley Shacklebolt (1998-2019)
46%
Wie hieß der Schulleiter von Hogwarts vor Albus Dumbledore? Armando Dippet
44%
Wer sind die ZaubereiministerInnen seit Anbeginn von Harry's Zeit in Hogwarts Hermine Granger (2019-?)
42%
Wer sind die ZaubereiministerInnen seit Anbeginn von Harry's Zeit in Hogwarts Pius Thicknesse (1997-1998)
40%
Welcher Spezies gehörte Aragog an? Acromantula
38%
Das Aussehen welcher drei Personen übernehmen Harry, Ron und Hermine beim Eindringen ins Zaubereiministerium? Albert Runcorn (Harry)
37%
Auf welcher Seite ihres Lehrbuchs finden die SchülerInnen im dritten Schuljahr Informationen über Werwölfe? 394
35%
Professor Septima Vektor unterrichtet welches Fach in Hogwarts? Arithmantik
35%
Das Aussehen welcher drei Personen übernehmen Harry, Ron und Hermine beim Eindringen ins Zaubereiministerium? Reginald Cattermole (Ron)
33%
Das Aussehen welcher drei Personen übernehmen Harry, Ron und Hermine beim Eindringen ins Zaubereiministerium? Mafalda Hopfkirch (Hermine)
31%
Was war der erste erfolgreich ausgesprochene Zauberspruch der Reihe? (Buch und Film) Alohomora (Buch)
29%
Welche Pflanze hilft Harry im Trimagischen Turnier unter Wasser zu atmen? Dianthuskraut / Kiemenkraut
29%
Wie lautet das Motto von Hogwarts? Kitzle niemals einen schlafenden Drachen
25%
Welche Nummer hat der Hogwarts Express? (Filme) 5972
21%
Was war der erste erfolgreich ausgesprochene Zauberspruch der Reihe? (Buch und Film) Oculus Reparo (Film)
21%
Wie lautet der Name von Rubeus Hagrids Mutter? Fridwulfa
13%
Wer war Slytherin's Quidditch Sucher in Harry's erstem Schuljahr? Terence Higgs
13%
Was war der erste erfolgreich ausgesprochene Zauberspruch von Harry? (Buch und Film) Rictusempra
6%
Keine übereinstimmenden Quizze gefunden
Verteilung der Resultate
Anzahl Personen mit jedem Resultat
Perzentil nach korrekt beantworteten Fragen
Ihre Resultats-Entwicklung
Sie haben dieses Quiz seit der letzten Aktualisierung nicht gespielt